[Event "Hessen Senioren-ch 2012  8th"]
[Site "Bad Sooden-Adf. (14.4.-22.4)"]
[Date "2012.04.14"]
[Round "1.50"]
[White "Matrisch, Gerd"]
[Black "Schirmer, Werner"]
[Result "0-1"]
[WhiteElo "1737"]
[BlackElo "1920"]
[PlyCount "76"]
[EventDate "2012.04.??"]
[EventType "swiss"]
[EventRounds "9"]
[EventCountry "GER"]
[WhiteTeam "Wanne-Eickel SV"]
[BlackTeam "Hamburger SK"]

1. e4 c5 2. c4 g6 3. Nc3 Bg7 4. d3 d6 5. Be2 Nc6 6. f4 e6 7. Nf3 Nge7 8. O-O
O-O 9. Be3 Nd4 10. Qd2 d5 11. e5 Nxf3+ 12. Bxf3 d4 13. Nb5 dxe3 14. Qxe3 Qb6
15. a4 Nf5 16. Qf2 a6 17. a5 Qd8 18. g4 axb5 19. gxf5 exf5 20. Qxc5 Rxa5 21.
cxb5 b6 22. Qc3 Rxb5 23. d4 Ra5 24. Rxa5 bxa5 25. Ra1 Qb6 26. Rxa5 Ba6 27. Kg2
Rd8 28. b4 Bf8 29. d5 Rc8 30. Qd2 Bxb4 31. Rxa6 Qxa6 32. Qxb4 Rc2+ 33. Kg3 Qf1
34. Qb6 h5 35. Qe3 h4+ 36. Kxh4 Rxh2+ 37. Kg5 Qh3 38. Qe1 Kg7 0-1

[Event "Hessen Senioren-ch 2012  8th"]
[Site "Bad Sooden-Adf. (14.4.-22.4)"]
[Date "2012.04.14"]
[Round "1.51"]
[White "Gerhardt, Peter-Michael"]
[Black "Hoffmann, Erich(36)"]
[Result "1/2-1/2"]
[WhiteElo "1916"]
[BlackElo "1736"]
[PlyCount "74"]
[EventDate "2012.04.??"]
[EventType "swiss"]
[EventRounds "9"]
[EventCountry "GER"]
[WhiteTeam "Vahr SC"]
[BlackTeam "Bergeborbeck DJK"]

1. d4 Nf6 2. c4 e5 3. dxe5 Ne4 4. Nf3 Bb4+ 5. Nbd2 Qe7 6. e3 Nc6 7. Be2 Nxe5 8.
O-O Nxd2 9. Bxd2 Bxd2 10. Qxd2 d6 11. Nd4 Bd7 12. Rad1 O-O 13. h3 Rad8 14. Nb5
Bxb5 15. cxb5 d5 16. Qd4 c5 17. bxc6 Nxc6 18. Qa4 d4 19. Rd3 dxe3 20. Rxe3 Qc5
21. Bf3 Rd4 22. Qb3 Rb4 23. Qa3 Qb6 24. Bxc6 bxc6 25. b3 h6 26. Rd1 Rd4 27.
Rde1 Rfd8 28. Re8+ Rxe8 29. Rxe8+ Kh7 30. Qc1 c5 31. Qc2+ g6 32. Re1 Qd6 33.
Qc3 a6 34. g3 Rd3 35. Qc2 Rd2 36. Qc4 Kg7 37. Qc3+ Qd4 1/2-1/2

[Event "Hessen Senioren-ch 2012  8th"]
[Site "Bad Sooden-Adf. (14.4.-22.4)"]
[Date "2012.04.14"]
[Round "1.52"]
[White "Von Janta, Lothar"]
[Black "Bachmann, Rolf"]
[Result "1-0"]
[WhiteElo "1656"]
[BlackElo "1933"]
[PlyCount "53"]
[EventDate "2012.04.??"]
[EventType "swiss"]
[EventRounds "9"]
[EventCountry "GER"]
[WhiteTeam "Berenbostel SV"]
[BlackTeam "Hamm SVg"]

1. c4 Nf6 2. Nc3 g6 3. g3 Bg7 4. Bg2 O-O 5. e3 c5 6. Nge2 Nc6 7. O-O d6 8. d3
Bd7 9. a3 a6 10. Rb1 Qc7 11. b4 cxb4 12. axb4 Rab8 13. Qd2 b5 14. cxb5 axb5 15.
Bb2 Nxb4 16. Rfc1 Qb6 17. Ba3 Na6 18. Nf4 Nc7 19. Bb4 Rfc8 20. Qa2 Nce8 21.
Ncd5 Nxd5 22. Nxd5 Rxc1+ 23. Rxc1 Qd8 24. Ba5 Ra8 25. Nxe7+ Qxe7 26. Bxa8 h5
27. h4 1-0

[Event "Hessen Senioren-ch 2012  8th"]
[Site "Bad Sooden-Adf. (14.4.-22.4)"]
[Date "2012.04.14"]
[Round "1.53"]
[White "Lueders, Guenther Dr"]
[Black "Fuchs, Manfred(38)"]
[Result "1-0"]
[WhiteElo "1712"]
[BlackElo "1523"]
[PlyCount "96"]
[EventDate "2012.04.??"]
[EventType "swiss"]
[EventRounds "9"]
[EventCountry "GER"]
[WhiteTeam "Benshausen TSV"]
[BlackTeam "Erkrath 1973 SC"]

1. d4 d5 2. Nf3 Bg4 3. Nbd2 Nf6 4. e3 c6 5. Be2 Nbd7 6. O-O e6 7. c4 Be7 8. b3
O-O 9. Bb2 h6 10. h3 Bf5 11. Re1 Ne4 12. Nxe4 Bxe4 13. Bd3 Bxd3 14. Qxd3 Bf6
15. cxd5 cxd5 16. Rec1 Rc8 17. Rxc8 Qxc8 18. Ba3 Re8 19. Rc1 Qb8 20. Qb5 Nf8
21. Bd6 a6 22. Bxb8 axb5 23. Bd6 Be7 24. Bxe7 Rxe7 25. Rc5 b4 26. Rb5 Rc7 27.
Rxb4 Nd7 28. Ne5 Nxe5 29. dxe5 Rc1+ 30. Kh2 Rc2 31. Kg3 Rxa2 32. Rxb7 g5 33. h4
gxh4+ 34. Kf3 Kg7 35. Rb4 Rb2 36. Rg4+ Kh7 37. b4 h5 38. Rxh4 Kg6 39. Rf4 Kg5
40. g3 Kg6 41. Kg2 Kg7 42. Kf1 Kg6 43. Ke1 Kg5 44. Kd1 Rb1+ 45. Kc2 Rh1 46. b5
h4 47. Rxh4 Rxh4 48. gxh4+ Kg6 1-0

[Event "Hessen Senioren-ch 2012  8th"]
[Site "Bad Sooden-Adf. (14.4.-22.4)"]
[Date "2012.04.14"]
[Round "1.54"]
[White "Van Houten, Henk"]
[Black "Rueggeberg, Wilhelm"]
[Result "0-1"]
[WhiteElo "1464"]
[BlackElo "1702"]
[PlyCount "82"]
[EventDate "2012.04.??"]
[EventType "swiss"]
[EventRounds "9"]
[EventCountry "GER"]
[WhiteTeam "Gronau 1920 SC"]
[BlackTeam "Saarburg-Trier Sfr."]

1. b3 c5 2. c4 Nc6 3. Bb2 e5 4. e3 Nf6 5. Nc3 d6 6. a3 Bf5 7. f3 Be7 8. Nd5 Bg6
9. Nxe7 Qxe7 10. e4 Nh5 11. Ne2 O-O 12. g3 f5 13. Nc3 f4 14. Nd5 Qd8 15. Rg1
fxg3 16. hxg3 Bf7 17. Qe2 Nd4 18. Bxd4 exd4 19. Qh2 Bxd5 20. Qxh5 Bf7 21. Qh2
Qf6 22. f4 d3 23. Rb1 Qd4 24. Bg2 Rae8 25. Rh1 Bg6 26. Qg1 Qxg1+ 27. Rxg1 Bxe4
28. Kf1 Bxg2+ 29. Rxg2 Re4 30. Rf2 Rfe8 31. Kg2 Re2 32. Rb2 Kf7 33. Kf3 h5 34.
Rf1 Rh2 35. Rf2 Rxf2+ 36. Kxf2 Re2+ 37. Kf1 Kf6 38. b4 b6 39. Rb3 Rxd2 40. Ke1
Rc2 41. Rxd3 Ke6 0-1

[Event "Hessen Senioren-ch 2012  8th"]
[Site "Bad Sooden-Adf. (14.4.-22.4)"]
[Date "2012.04.14"]
[Round "1.55"]
[White "Micheel, Peter"]
[Black "Hielscher, Klaus-Wieprecht"]
[Result "1-0"]
[WhiteElo "1697"]
[BlackElo "1545"]
[PlyCount "73"]
[EventDate "2012.04.??"]
[EventType "swiss"]
[EventRounds "9"]
[EventCountry "GER"]
[WhiteTeam "Graal-Müritz SSC"]
[BlackTeam "Braunschweiger SF"]

1. e4 c5 2. c3 Nf6 3. e5 Nd5 4. Nf3 d6 5. d4 cxd4 6. cxd4 Nc6 7. Qb3 e6 8. Bb5
a6 9. Bxc6+ bxc6 10. O-O Be7 11. Nc3 O-O 12. Nxd5 cxd5 13. Bf4 Ra7 14. Rfc1 Rb7
15. Qc3 g5 16. Bg3 f5 17. exd6 Bxd6 18. Bxd6 Qxd6 19. Ne5 Bd7 20. Qd2 Qe7 21.
Rc2 Be8 22. Rac1 f4 23. b3 Qg7 24. Qe2 Bb5 25. Qg4 Qe7 26. Rc3 Be8 27. h4 h5
28. Qe2 g4 29. g3 fxg3 30. fxg3 Qh7 31. Rf1 Bb5 32. Rxf8+ Kxf8 33. Rc8+ Ke7 34.
Qd2 Qb1+ 35. Kh2 Bd7 36. Qg5+ Kd6 37. Nf7# 1-0

[Event "Hessen Senioren-ch 2012  8th"]
[Site "Bad Sooden-Adf. (14.4.-22.4)"]
[Date "2012.04.14"]
[Round "1.56"]
[White "Paulin, Dieter"]
[Black "Blosze, Winfried"]
[Result "1-0"]
[WhiteElo "1493"]
[BlackElo "1710"]
[PlyCount "105"]
[EventDate "2012.04.??"]
[EventType "swiss"]
[EventRounds "9"]
[EventCountry "GER"]
[WhiteTeam "Dingelstädt 1921 SK"]
[BlackTeam "Großauheim 1929 SV"]

1. d4 Nf6 2. c4 g6 3. Nc3 d5 4. Nf3 Bg7 5. e3 O-O 6. Be2 dxc4 7. Bxc4 c5 8. O-O
Bg4 9. h3 cxd4 10. exd4 Bf5 11. Be3 a6 12. a4 Qc7 13. Qb3 Nc6 14. Be2 Rad8 15.
Rac1 Be6 16. Qa3 Nd5 17. Nxd5 Bxd5 18. Rfd1 Qb6 19. Rd2 Qa5 20. Rc5 Qb6 21. a5
Qc7 22. Qc3 e6 23. b4 Rfe8 24. b5 axb5 25. Rxb5 Qd7 26. Qb2 Qc7 27. Rc2 Re7 28.
Ne5 Ra8 29. Bf4 Qd8 30. Nxc6 Bxc6 31. Rb6 Rxa5 32. Rcxc6 Bxd4 33. Rd6 Qxd6 34.
Bxd6 Bxb2 35. Bxe7 Ra1+ 36. Bf1 Be5 37. Rxb7 Kg7 38. g3 Ra2 39. Rb3 h5 40. Bc5
Rc2 41. Be3 Kf6 42. Kg2 Bc7 43. Bd3 Rc6 44. h4 Bd6 45. Be2 Bc7 46. Bg5+ Kg7 47.
Rb7 f6 48. Be3 Kf8 49. Bf3 Rc4 50. Be2 Rc6 51. Ra7 Ke7 52. Ra6 Rc2 53. Bd3 1-0

[Event "Hessen Senioren-ch 2012  8th"]
[Site "Bad Sooden-Adf. (14.4.-22.4)"]
[Date "2012.04.14"]
[Round "1.57"]
[White "Kienel, Norbert"]
[Black "Maczollek, Helmut"]
[Result "1-0"]
[WhiteElo "1696"]
[BlackElo "1412"]
[PlyCount "81"]
[EventDate "2012.04.??"]
[EventType "swiss"]
[EventRounds "9"]
[EventCountry "GER"]
[WhiteTeam "Osnabrück SV"]
[BlackTeam "Lage Turm SK"]

1. d4 d5 2. c4 e6 3. Nc3 Nf6 4. Nf3 a6 5. e3 Bd6 6. Bd3 Nbd7 7. O-O O-O 8. e4
dxe4 9. Nxe4 Be7 10. Re1 b6 11. Nxf6+ Nxf6 12. Ne5 Bb7 13. h3 Qd6 14. Bf4 Qd8
15. Be3 Be4 16. Bxe4 Nxe4 17. Qf3 Nf6 18. Nc6 Qd7 19. Bg5 h6 20. Bh4 Kh8 21. d5
Ng8 22. Bxe7 Nxe7 23. Ne5 Qe8 24. dxe6 fxe6 25. Qc3 c5 26. Ng4 Qg6 27. Rad1 Nf5
28. Rd7 Nd4 29. Ne5 Qf6 30. Qg3 g5 31. Rb7 Nf5 32. Qf3 Rad8 33. Nd7 Rxd7 34.
Rxd7 Qxb2 35. g4 Qb4 36. Rxe6 Qb1+ 37. Rd1 Qc2 38. gxf5 Rxf5 39. Rd8+ Kg7 40.
Rd7+ Kf8 41. Qa8# 1-0

[Event "Hessen Senioren-ch 2012  8th"]
[Site "Bad Sooden-Adf. (14.4.-22.4)"]
[Date "2012.04.14"]
[Round "1.58"]
[White "Fuhlrott, Heinz"]
[Black "Scholze, Roland"]
[Result "1-0"]
[WhiteElo "1501"]
[BlackElo "1630"]
[PlyCount "91"]
[EventDate "2012.04.??"]
[EventType "swiss"]
[EventRounds "9"]
[EventCountry "GER"]
[WhiteTeam "Winsen Fichte MTV"]
[BlackTeam "Dresden Lok SV"]

1. d4 Nf6 2. Bg5 d6 3. c4 g6 4. Bxf6 exf6 5. g3 Bg7 6. Nc3 O-O 7. Bg2 f5 8. e3
c6 9. Nge2 Nd7 10. O-O Nf6 11. Qc2 Bd7 12. b4 Re8 13. Rab1 a6 14. Rfd1 Qe7 15.
Na4 Rad8 16. Nb6 Ne4 17. Nf4 g5 18. Nh5 Bh6 19. Bxe4 fxe4 20. Nxd7 Rxd7 21. g4
Qe6 22. h3 f5 23. d5 Qf7 24. Ng3 fxg4 25. hxg4 Bf8 26. Nf5 h5 27. Qe2 Re5 28.
Nd4 cxd5 29. cxd5 h4 30. Rbc1 Rxd5 31. Rc8 Rc7 32. Rxc7 Qxc7 33. Kh2 Bg7 34. a3
Be5+ 35. Kh3 Qc3 36. Qa2 Kh8 37. Qxd5 Qxa3 38. Qxb7 Qb2 39. Qc8+ Kh7 40. Qf5+
Kh8 41. Qf8+ Kh7 42. Ne6 Bf6 43. Qf7+ Kh8 44. Nf8 Bg7 45. Rxd6 Qe2 46. Rh6+ 1-0

[Event "Hessen Senioren-ch 2012  8th"]
[Site "Bad Sooden-Adf. (14.4.-22.4)"]
[Date "2012.04.14"]
[Round "1.59"]
[White "Richter, Hildegard"]
[Black "Ludwig, Siegfried"]
[Result "1/2-1/2"]
[WhiteElo "1673"]
[BlackElo "1412"]
[PlyCount "92"]
[EventDate "2012.04.??"]
[EventType "swiss"]
[EventRounds "9"]
[EventCountry "GER"]
[WhiteTeam "Zwickau West Empor SV"]
[BlackTeam "Hemmingen GSV"]

1. d4 d5 2. Nf3 Nc6 3. Bf4 Nf6 4. e3 h6 5. Nbd2 e6 6. c3 Bd6 7. Bg3 Bxg3 8.
hxg3 Qe7 9. Ne5 Nxe5 10. dxe5 Nd7 11. f4 f6 12. Qh5+ Qf7 13. Qxf7+ Kxf7 14.
exf6 Nxf6 15. Bd3 Bd7 16. Nf3 Rhd8 17. Ne5+ Kg8 18. g4 Ne4 19. Rh3 Be8 20. Ke2
c5 21. Rah1 c4 22. Bc2 Kf8 23. g5 hxg5 24. fxg5 Nxg5 25. Rg3 Ne4 26. Rf3+ Kg8
27. g4 Rac8 28. Rhf1 g6 29. Bxe4 dxe4 30. Rf4 Rd5 31. Rxe4 Rcc5 32. Nf3 Rd6 33.
Rd4 Rcd5 34. Rfd1 Rb6 35. Rxd5 exd5 36. Rxd5 Rxb2+ 37. Rd2 Rxd2+ 38. Kxd2 Bc6
39. Ne5 Kg7 40. Nxc6 bxc6 41. e4 Kf6 42. Ke3 Ke5 43. g5 a5 44. a4 c5 45. Kf3
Kd6 46. Kf4 Ke6 1/2-1/2

[Event "Hessen Senioren-ch 2012  8th"]
[Site "Bad Sooden-Adf. (14.4.-22.4)"]
[Date "2012.04.14"]
[Round "1.60"]
[White "Scholz, Werner(41)"]
[Black "Willms, Willi"]
[Result "1-0"]
[WhiteElo "1552"]
[BlackElo "1695"]
[PlyCount "47"]
[EventDate "2012.04.??"]
[EventType "swiss"]
[EventRounds "9"]
[EventCountry "GER"]
[WhiteTeam "Eberswalde 1949 ESV"]
[BlackTeam "Rheydter SV"]

1. d4 d5 2. Nf3 Nf6 3. e3 e6 4. Bd3 c5 5. c3 Nc6 6. Nbd2 Bd6 7. O-O O-O 8. dxc5
Bxc5 9. Qe2 Re8 10. e4 e5 11. exd5 Nxd5 12. Ne4 Bb6 13. Rd1 Bg4 14. Neg5 g6 15.
Bc4 Bxf3 16. Qxf3 Qf6 17. Bxd5 Qxf3 18. gxf3 Re7 19. b3 Kg7 20. Ba3 Rd7 21.
Bxc6 Rxd1+ 22. Rxd1 bxc6 23. Rd7 Rd8 24. Ne6+ 1-0

[Event "Hessen Senioren-ch 2012  8th"]
[Site "Bad Sooden-Adf. (14.4.-22.4)"]
[Date "2012.04.14"]
[Round "1.61"]
[White "Stuiber, WIlhelm"]
[Black "Schneider, Hans(31)"]
[Result "1-0"]
[WhiteElo "1642"]
[BlackElo "1491"]
[PlyCount "77"]
[EventDate "2012.04.??"]
[EventType "swiss"]
[EventRounds "9"]
[EventCountry "GER"]
[WhiteTeam "Euskirchen SK"]
[BlackTeam "Oberhausen SW SV"]

1. e3 c5 2. d4 cxd4 3. exd4 g6 4. c3 Bg7 5. Bd3 Nf6 6. f4 O-O 7. Nf3 d5 8. O-O
Nc6 9. Be3 Ng4 10. Qe2 Nxe3 11. Qxe3 Qb6 12. Qe2 Bg4 13. Qc2 Rac8 14. Qb3 Bxf3
15. Rxf3 e6 16. Nd2 Qc7 17. g3 a6 18. Rf2 b5 19. Nf3 Rb8 20. a3 Na5 21. Qd1 Nc4
22. Ne5 Nd6 23. Qe2 Rfe8 24. Re1 Re7 25. Qf3 f6 26. Ng4 f5 27. Ne5 Ne4 28. Rc2
Bxe5 29. fxe5 Qb6 30. Kg2 Rf8 31. Rf1 Ref7 32. Qe2 Qd8 33. Qe3 g5 34. Qe1 f4
35. Bxe4 dxe4 36. Qxe4 fxg3 37. Rxf7 Rxf7 38. hxg3 Qf8 39. Qc6 1-0

[Event "Hessen Senioren-ch 2012  8th"]
[Site "Bad Sooden-Adf. (14.4.-22.4)"]
[Date "2012.04.14"]
[Round "1.62"]
[White "Graffenberger, Wilhelm"]
[Black "Brandt, Fred(36)"]
[Result "1/2-1/2"]
[WhiteElo "1484"]
[BlackElo "1687"]
[PlyCount "45"]
[EventDate "2012.04.??"]
[EventType "swiss"]
[EventRounds "9"]
[EventCountry "GER"]
[WhiteTeam "Hamburger SK"]
[BlackTeam "Berlin Königsjäger SW SV"]

1. d4 Nf6 2. Nf3 e6 3. e3 d5 4. Bd3 Bd6 5. Nbd2 Nbd7 6. O-O O-O 7. Re1 c5 8. c3
b6 9. e4 dxe4 10. Nxe4 Nxe4 11. Bxe4 Rb8 12. Bg5 f6 13. Be3 f5 14. Bc2 Bb7 15.
Bg5 Be7 16. Bf4 Rc8 17. Rxe6 Bd5 18. Re1 cxd4 19. Nxd4 Bb7 20. Ne6 Qe8 21. Nxf8
Nxf8 22. Qe2 Qg6 23. f3 1/2-1/2

[Event "Hessen Senioren-ch 2012  8th"]
[Site "Bad Sooden-Adf. (14.4.-22.4)"]
[Date "2012.04.14"]
[Round "1.63"]
[White "Geisler, Reinhard"]
[Black "Bill, Eugen"]
[Result "1/2-1/2"]
[WhiteElo "1709"]
[BlackElo "1558"]
[PlyCount "30"]
[EventDate "2012.04.??"]
[EventType "swiss"]
[EventRounds "9"]
[EventCountry "GER"]
[WhiteTeam "Werther 1949 SK"]
[BlackTeam "Limburg Lahn SV"]

1. d4 Nf6 2. c4 c6 3. Nf3 d5 4. Qc2 Nbd7 5. g3 g6 6. Bg2 Bg7 7. O-O O-O 8. Nbd2
Re8 9. b3 e5 10. dxe5 Ng4 11. Bb2 Ngxe5 12. cxd5 cxd5 13. Nd4 Nf6 14. Rac1 Bd7
15. Qc7 Nc6 1/2-1/2

[Event "Hessen Senioren-ch 2012  8th"]
[Site "Bad Sooden-Adf. (14.4.-22.4)"]
[Date "2012.04.14"]
[Round "1.64"]
[White "Goepfart, Dietrich"]
[Black "Claus, Joachim"]
[Result "1/2-1/2"]
[WhiteElo "1438"]
[BlackElo "1684"]
[PlyCount "47"]
[EventDate "2012.04.??"]
[EventType "swiss"]
[EventRounds "9"]
[EventCountry "GER"]
[WhiteTeam "Weimar Vimaria 91 SSV"]
[BlackTeam "Witten SG"]

1. e4 d5 2. exd5 Nf6 3. Nf3 Nxd5 4. d4 Bg4 5. Be2 c6 6. c4 Nf6 7. Nc3 e6 8. a3
Be7 9. O-O O-O 10. Be3 Nbd7 11. b4 Nb6 12. Nd2 Bxe2 13. Qxe2 Qc7 14. g3 Nbd7
15. f4 Rfe8 16. Nde4 Nxe4 17. Nxe4 Nf6 18. Nc3 Rad8 19. Rad1 Rd7 20. Rd3 Red8
21. Rfd1 Qb8 22. Qf3 Qc7 23. Bf2 b6 24. Ne4 1/2-1/2

[Event "Hessen Senioren-ch 2012  8th"]
[Site "Bad Sooden-Adf. (14.4.-22.4)"]
[Date "2012.04.14"]
[Round "1.65"]
[White "Schuetze, Manfred(41)"]
[Black "Hespers, Rolf"]
[Result "1/2-1/2"]
[WhiteElo "1633"]
[BlackElo "1465"]
[PlyCount "92"]
[EventDate "2012.04.??"]
[EventType "swiss"]
[EventRounds "9"]
[EventCountry "GER"]
[WhiteTeam "Gräfenhainichen VfL"]
[BlackTeam "Weida(Thür) Osterburg TuS"]

1. b4 c6 2. Bb2 Qb6 3. a3 a5 4. c4 axb4 5. c5 Qc7 6. axb4 Rxa1 7. Bxa1 Na6 8.
Qb3 d6 9. d4 b6 10. b5 Nb8 11. d5 cxd5 12. c6 Nxc6 13. bxc6 Qxc6 14. e3 Qc1+
15. Qd1 Qxd1+ 16. Kxd1 Nf6 17. f3 Bd7 18. Bd4 Ba4+ 19. Kd2 Nd7 20. Nc3 Bc6 21.
Bb5 Bxb5 22. Nxb5 Kd8 23. Ne2 Nc5 24. Kc2 Kd7 25. Bb2 Na4 26. Ba1 f6 27. Nbc3
Nxc3 28. Bxc3 e5 29. Ra1 g6 30. Ra7+ Kc6 31. Ra8 Bg7 32. Rxh8 Bxh8 33. Kb3 Bg7
34. f4 Bh6 35. g3 g5 36. Kb4 g4 37. Bd2 Bf8 38. Kb3 h5 39. Kc2 Bg7 40. f5 Bf8
41. Kd3 Bg7 42. Nc3 Bf8 43. Nd1 Bg7 44. Nf2 Kc5 45. h3 gxh3 46. Nxh3 Bh6
1/2-1/2

[Event "Hessen Senioren-ch 2012  8th"]
[Site "Bad Sooden-Adf. (14.4.-22.4)"]
[Date "2012.04.14"]
[Round "1.66"]
[White "Neumann, Peter Dr(39)"]
[Black "Husser, Oskar"]
[Result "0-1"]
[WhiteElo "1462"]
[BlackElo "1649"]
[PlyCount "88"]
[EventDate "2012.04.??"]
[EventType "swiss"]
[EventRounds "9"]
[EventCountry "GER"]
[WhiteTeam "Warnemünde SF"]
[BlackTeam "Falkensee Caissa SC"]

1. d4 Nf6 2. c4 e5 3. dxe5 Ng4 4. Nf3 Bc5 5. e3 Nc6 6. Be2 Ngxe5 7. O-O O-O 8.
Nc3 Re8 9. b3 Nxf3+ 10. Bxf3 Ne5 11. Bb2 Qf6 12. Qe2 Nxf3+ 13. gxf3 Qh4 14. Ne4
Bf8 15. Ng3 d6 16. f4 Bh3 17. Rfe1 Bg4 18. f3 Bd7 19. Kh1 Re6 20. Rg1 g6 21. f5
Re7 22. fxg6 hxg6 23. Ne4 Bg7 24. Bxg7 Kxg7 25. Qb2+ Kf8 26. Nf6 Bc6 27. e4 Re6
28. Nd5 Rc8 29. Rg4 Qh5 30. Rag1 Bxd5 31. cxd5 Qe5 32. Qf2 Rf6 33. R1g3 a6 34.
Rh4 Rf4 35. Rgh3 Ke7 36. Rh7 Rg8 37. Rg3 Qxe4 38. fxe4 Rxf2 39. a4 Rf4 40. Re3
Kf6 41. Kg2 Rf8 42. Kg3 Ke5 43. Rh4 Rxh4 44. Kxh4 Kf4 0-1

[Event "Hessen Senioren-ch 2012  8th"]
[Site "Bad Sooden-Adf. (14.4.-22.4)"]
[Date "2012.04.14"]
[Round "1.67"]
[White "Papenkordt, Karl-Hermann"]
[Black "Pastowski, Werner"]
[Result "1-0"]
[WhiteElo "1628"]
[BlackElo "1505"]
[PlyCount "57"]
[EventDate "2012.04.??"]
[EventType "swiss"]
[EventRounds "9"]
[EventCountry "GER"]
[WhiteTeam "Witten SG"]
[BlackTeam "Schmalkalden 04 SV"]

1. c4 c5 2. Nc3 Nc6 3. Nf3 g6 4. g3 Bg7 5. Bg2 d6 6. O-O Nf6 7. d3 O-O 8. Rb1
Rb8 9. a3 b6 10. Bd2 Bb7 11. b4 Nd4 12. Nxd4 cxd4 13. Nb5 Bxg2 14. Kxg2 Qd7 15.
Nxd4 e5 16. Nf3 Rfe8 17. e4 h5 18. Qb3 Nh7 19. Be3 Kh8 20. a4 f5 21. Nh4 Qe6
22. c5 bxc5 23. Qxe6 Rxe6 24. bxc5 Rxb1 25. Rxb1 fxe4 26. c6 d5 27. c7 Rc6 28.
Nxg6+ Kg8 29. Ne7+ 1-0

[Event "Hessen Senioren-ch 2012  8th"]
[Site "Bad Sooden-Adf. (14.4.-22.4)"]
[Date "2012.04.14"]
[Round "1.69"]
[White "Fromme, Werner"]
[Black "Klose, Hans-Peter"]
[Result "1/2-1/2"]
[WhiteElo "1653"]
[BlackElo "1442"]
[PlyCount "54"]
[EventDate "2012.04.??"]
[EventType "swiss"]
[EventRounds "9"]
[EventCountry "GER"]
[WhiteTeam "Witten SG"]
[BlackTeam "Göttingen Rot-Weiß ESV"]

1. d4 Nf6 2. Nf3 g6 3. c4 Bg7 4. Nc3 O-O 5. e4 d6 6. Be2 a5 7. h3 b6 8. Be3 Bb7
9. Qc2 Na6 10. a3 e6 11. O-O Qe7 12. Bg5 h6 13. Bxf6 Bxf6 14. e5 Bg7 15. exd6
cxd6 16. Rad1 Rac8 17. Qb3 Qd8 18. Na4 Rb8 19. Qe3 Bc6 20. Nc3 Nc7 21. a4 Qe8
22. b3 d5 23. Ne5 Ba8 24. Nb5 Nxb5 25. cxb5 Rc8 26. Rc1 Qe7 27. f4 Bb7 1/2-1/2

[Event "Hessen Senioren-ch 2012  8th"]
[Site "Bad Sooden-Adf. (14.4.-22.4)"]
[Date "2012.04.14"]
[Round "1.70"]
[White "Schumacher, Ursula"]
[Black "Berger, Eduard"]
[Result "0-1"]
[WhiteElo "1446"]
[BlackElo "1677"]
[PlyCount "64"]
[EventDate "2012.04.??"]
[EventType "swiss"]
[EventRounds "9"]
[EventCountry "GER"]
[WhiteTeam "Bad Neuenahr SC"]
[BlackTeam "Stadtallendorf SK"]

1. c4 Nf6 2. Nc3 c6 3. Nf3 d5 4. cxd5 Nxd5 5. g3 Bg4 6. Bg2 e6 7. O-O Be7 8. d3
Nd7 9. a3 Bf6 10. Bd2 O-O 11. e4 Nxc3 12. Bxc3 Bg5 13. Qc2 e5 14. b4 Re8 15.
Rab1 b6 16. Bd2 Rc8 17. Be3 c5 18. Nd2 cxb4 19. Qb3 bxa3 20. Qxa3 Qc7 21. Rfc1
Qb8 22. Nc4 Be7 23. Qa1 Be6 24. Qa6 Bc5 25. Bd2 Bd4 26. Bb4 Nc5 27. Bxc5 Rxc5
28. Qa4 Rec8 29. Bf1 b5 30. Qa5 Qc7 31. Qxc7 R8xc7 32. Ra1 bxc4 0-1

[Event "Hessen Senioren-ch 2012  8th"]
[Site "Bad Sooden-Adf. (14.4.-22.4)"]
[Date "2012.04.14"]
[Round "1.71"]
[White "Mayeres, Hans-Christian"]
[Black "Auerswald, Gottfried Dr"]
[Result "1-0"]
[WhiteElo "1663"]
[BlackElo "1499"]
[PlyCount "83"]
[EventDate "2012.04.??"]
[EventType "swiss"]
[EventRounds "9"]
[EventCountry "GER"]
[WhiteTeam "Recklinghausen 06 SK"]
[BlackTeam "Dingelstädt SK"]

1. c4 c5 2. Nc3 Nc6 3. g3 g6 4. Bg2 Bg7 5. d3 d6 6. e4 Nf6 7. Nf3 O-O 8. O-O
Re8 9. Rb1 Rb8 10. a3 a6 11. b4 Nd7 12. Bd2 Nde5 13. Nxe5 Nxe5 14. Qc2 Nc6 15.
Be3 Nd4 16. Qd2 Bd7 17. bxc5 dxc5 18. Bf4 e5 19. Bg5 f6 20. Be3 Be6 21. Nd5 b5
22. f4 Bxd5 23. cxd5 Bh6 24. Rf2 Rf8 25. Bxd4 exd4 26. Re2 Re8 27. Bh3 f5 28.
Bg2 Rb7 29. e5 Rbe7 30. Rbe1 Qb8 31. d6 Ra7 32. Rc1 Qb6 33. Qa2+ Kh8 34. Qd5 c4
35. dxc4 bxc4 36. Qxc4 d3+ 37. Rf2 d2 38. Rd1 Rd7 39. Qc3 Rxd6 40. exd6+ Bg7
41. Qxd2 Bd4 42. Qxd4+ 1-0

[Event "Hessen Senioren-ch 2012  8th"]
[Site "Bad Sooden-Adf. (14.4.-22.4)"]
[Date "2012.04.14"]
[Round "1.72"]
[White "Grueneschild, Hildegard"]
[Black "Barlo, Werner"]
[Result "0-1"]
[WhiteElo "1380"]
[BlackElo "1594"]
[PlyCount "86"]
[EventDate "2012.04.??"]
[EventType "swiss"]
[EventRounds "9"]
[EventCountry "GER"]
[WhiteTeam "München Schach-Union"]
[BlackTeam "Berlin Zehlendorf SK"]

1. c4 Nf6 2. Nc3 e6 3. g3 c6 4. Bg2 Bb4 5. e4 d6 6. Nge2 Nbd7 7. a3 Ba5 8. O-O
Ne5 9. d3 O-O 10. h3 h6 11. Be3 Bb6 12. Nd4 a6 13. f4 Ned7 14. Qd2 e5 15. fxe5
dxe5 16. Nf5 Bxe3+ 17. Qxe3 Kh7 18. b4 Qc7 19. c5 b6 20. Na4 Rb8 21. Rac1 bxc5
22. Nxc5 Nxc5 23. Rxc5 Nd7 24. Rc4 f6 25. Kh2 Nb6 26. Rc2 Rd8 27. Rfc1 Bb7 28.
d4 exd4 29. Nxd4 Rd6 30. Nf5 Re6 31. Nd4 Rd6 32. e5 fxe5 33. Qe4+ Rg6 34. Nxc6
Qd6 35. Rc5 Re8 36. Qc2 e4 37. Bxe4 Qxg3+ 38. Kh1 Rxe4 39. Rc3 Re3 40. Rxe3
Qxe3 41. Kh2 Qg3+ 42. Kh1 Bxc6+ 43. Qxc6 Qxh3# 0-1

[Event "Hessen Senioren-ch 2012  8th"]
[Site "Bad Sooden-Adf. (14.4.-22.4)"]
[Date "2012.04.14"]
[Round "1.73"]
[White "Fritsch, Wolfgang(36)"]
[Black "Daebel, Hasso Dr"]
[Result "1-0"]
[WhiteElo "1660"]
[BlackElo "1473"]
[PlyCount "77"]
[EventDate "2012.04.??"]
[EventType "swiss"]
[EventRounds "9"]
[EventCountry "GER"]
[WhiteTeam "Bad Langensalza SV"]
[BlackTeam "Drewer 54 SG"]

1. e4 c5 2. Nf3 d6 3. d4 cxd4 4. Nxd4 a6 5. c4 e5 6. Nf3 Nf6 7. Nc3 Nbd7 8. Be2
h6 9. h3 Nc5 10. Qc2 Bd7 11. Be3 Qc8 12. Rd1 Qc6 13. Nd2 b6 14. f4 Rd8 15. O-O
Be7 16. f5 Qc7 17. b4 Nb7 18. Rc1 O-O 19. Na4 Bxa4 20. Qxa4 Ra8 21. Qb3 Qd8 22.
Bf3 Nd7 23. Rfd1 Bg5 24. Nf1 Bxe3+ 25. Nxe3 Nf6 26. c5 Rc8 27. c6 Nc5 28. bxc5
bxc5 29. Qc4 Qc7 30. Nd5 Qa7 31. Kh2 Ne8 32. Rb1 Kh8 33. Rb7 Qa8 34. Nb6 Rb8
35. Nxa8 Rxa8 36. Rdb1 Nf6 37. Qc1 Rfd8 38. c7 Rd7 39. Rb8+ 1-0